000 03189cam a2200373 a 4500
999 _c7088
_d7088
001 15781120
003 GZU
005 20210505090629.0
008 090618s2010 flua b 001 0 eng
010 _a 2009024736
015 _aGBA991297
_2bnb
016 7 _a015371582
_2Uk
020 _a9781420091076
020 _a1420091077
035 _a(OCoLC)ocn229022799
040 _aDLC
_cDLC
_dBTCTA
_dBAKER
_dYDXCP
_dC#P
_dCDX
_dBWX
_dUKM
_dUPM
_dDLC
050 0 0 _aHD38.5
_b.CRA 2010
100 1 _aCrandall, Richard E.,
_d1930-
_eauthor
245 1 0 _aPrinciples of supply chain management /
_cRichard E. Crandall, William R. Crandall, Charlie C. Chen.
260 _aBoca Raton :
_bCRC Press/Taylor & Francis Group,
_cc2010.
300 _a1, 595 p. :
_bill. ;
_c25 cm.
490 0 _aSeries on resource management
504 _aIncludes bibliographical references and index.
505 0 _aEvolution of supply chains -- Supply chains as a system -- Determining customer needs -- Distribution and retailing -- Production and service processes -- Procurement/purchasing -- Reverse supply chains -- The need to integrate -- Why integration is difficult -- How to build an integrated supply chain -- Information flow along the supply chain -- Funds flow along the supply chain -- ROI for supply chains and other issues -- Trends in supply chain development and management -- Preparation for the future.
520 1 _a"An increasingly global business landscape means that even the smallest of companies must contend with a growing base of international suppliers and customers. With that comes myriad technical, organizational, and cultural changes that challenge traditional management practices. Regardless of the means taken to address these challenges, all companies will eventually have to synchronize the flow of their products, information, and funds." "Going beyond the usual supply chain text, Principles of Supply Chain Management not only details the individual components of the supply chain but also illustrates how the pieces must come together for an effective supply chain." "Focusing on the customer and working backwards through distribution, manufacturing, and the extractive industries of mining and agriculture, the text provides numerous examples and case histories to outline a proven approach for achieving effective supply chain integration. This self-contained resource provides readers with a realistic appraisal of the state of the art in supply chain management and the understanding needed to build and manage effective supply chains in a wide-range of industries. Most importantly, it emphasizes the need for building and maintaining cooperation and collaboration among all members of the supply chain."--BOOK JACKET.
650 0 _aBusiness logistics.
650 0 _aPhysical distribution of goods
_xManagement.
650 0 _aMarketing channels
_xManagement.
700 1 _aCrandall, William,
_d1956-
_eauthor
700 1 _aChen, Charlie C.,
_cPh. D.
_dauthor
856 4 2 _3Contributor biographical information
_uhttp://www.loc.gov/catdir/enhancements/fy1114/2009024736-b.html
906 _a7
_bcbc
_corignew
_d1
_eecip
_f20
_gy-gencatlg
942 _2lcc
_cBK
_h38.5
_iCRA
_kHD